000 00499nam a2200181Ia 4500
001 11336
005 20260306162820.0
008 260306t2001||||xx |||||||||||||| ||spa||
041 _aESP
082 _a985.032
_bS85
100 _aSuárez, Margarita
_eAUT
245 0 _aDesafíos transatlánticos:
_bmercaderes, banqueros y el estado en el Perú virreinal, 1600-1700
260 _c2001
300 _axiii, 528 páginas :
_c23 cm.
650 _aGEN
654 _aCHU
942 _cLIB
_dJUS
_fJUS
_2ddc
_n
999 _c11336
_d11336